[Event "Titled Tuesday intern op 2nd Jan"]
[Site "Chess.com INT"]
[Date "2018.01.02"]
[Round "1"]
[White "Yashmetov, Mikhail"]
[Black "Mucobega, Jaup"]
[Result "1-0"]
[WhiteElo "2325"]
[BlackElo "2207"]
[PlyCount "81"]
[EventDate "2018.01.02"]
[EventType "swiss (blitz)"]
[EventRounds "10"]
[EventCountry "USA"]
[SourceTitle "EXT 2021"]
[Source "ChessBase"]
[SourceDate "2020.10.23"]
[SourceVersion "1"]
[SourceVersionDate "2020.10.23"]
[SourceQuality "1"]

1. Nf3 d5 2. g3 c6 3. Bg2 Bg4 4. 0-0 Nd7 5. d4 e6 6. c4 Ngf6 7. Nc3 Bxf3 8. Bxf3 Bb4 9. cxd5 exd5 10. a3 Bd6 11. e4 dxe4 12. Nxe4 Nxe4 13. Bxe4 0-0 14. Qc2 Nf6 15. Bg5 h6 16. Bxf6 Qxf6 17. Rad1 Rac8 18. Qb1 b6 19. b4 Rfd8 20. Bg2 c5 21. dxc5 bxc5 22. b5 Bc7 23. a4 Bb6 24. Qa2 Ba5 25. Qc4 Bb6 26. Bd5 g6 27. Bb7 Rb8 28. Bg2 Kg7 29. Ra1 Qd4 30. Qxd4+ cxd4 31. a5 Bc5 32. b6 Rd7 33. b7 a6 34. Rfc1 Bb4 35. Rc8 Rd8 36. Rxd8 Rxd8 37. Rb1 Bd6 38. Rb6 Bc7 39. Rc6 Be5 40. Rc8 Rd6 41. b8Q 1-0

[Event "Titled Tuesday intern op 6th Dec 10am"]
[Site "Chess.com INT"]
[Date "2016.12.06"]
[Round "7"]
[White "Chabris, Christopher"]
[Black "Mucobega, Jaup"]
[Result "1-0"]
[WhiteElo "2198"]
[BlackElo "2219"]
[PlyCount "41"]
[EventDate "2016.12.06"]
[EventType "swiss (blitz)"]
[EventRounds "9"]
[EventCountry "USA"]
[SourceTitle "EXT 2021"]
[Source "ChessBase"]
[SourceDate "2020.10.23"]
[SourceVersion "1"]
[SourceVersionDate "2020.10.23"]
[SourceQuality "1"]

1. e4 c5 2. Nf3 d6 3. Bb5+ Nd7 4. d4 cxd4 5. Qxd4 a6 6. Bxd7+ Bxd7 7. 0-0 Bc6 8. Rd1 Nf6 9. Nc3 e6 10. Bg5 Be7 11. a4 0-0 12. Qe3 h6 13. Bxh6 gxh6 14. Qxh6 Nh7 15. Rd3 Bg5 16. Nxg5 Nxg5 17. Rg3 f6 18. h4 Kf7 19. hxg5 Rh8 20. g6+ Ke7 21. Qg7+ 1-0

[Event "Titled Tuesday intern op 6th Dec 10am"]
[Site "Chess.com INT"]
[Date "2016.12.06"]
[Round "3"]
[White "Mucobega, Jaup"]
[Black "Bellahcene, Bilel"]
[Result "1-0"]
[WhiteElo "2260"]
[BlackElo "2496"]
[PlyCount "113"]
[EventDate "2016.12.06"]
[EventType "swiss (blitz)"]
[EventRounds "9"]
[EventCountry "USA"]
[SourceTitle "EXT 2021"]
[Source "ChessBase"]
[SourceDate "2020.10.23"]
[SourceVersion "1"]
[SourceVersionDate "2020.10.23"]
[SourceQuality "1"]

1. e4 c5 2. Nf3 d6 3. d4 cxd4 4. Nxd4 Nf6 5. Nc3 a6 6. Be3 e5 7. Nb3 Be6 8. Qd2 Nbd7 9. f4 b5 10. f5 Bc4 11. 0-0-0 Rc8 12. h3 h5 13. Rg1 h4 14. g4 hxg3 15. Rxg3 Nh5 16. Rg1 Be7 17. Nd5 Bxd5 18. exd5 Ndf6 19. Be2 Ne4 20. Qd3 Nhf6 21. Bf3 Rh4 22. Bxe4 Rxe4 23. Rxg7 Qc7 24. Bg5 Rc4 25. Bxf6 Bxf6 26. Rg8+ Ke7 27. Rxc8 Qxc8 28. Na5 Rf4 29. Nc6+ Kf8 30. Rg1 Qxf5 31. Qg3 Rf1+ 32. Rxf1 Qxf1+ 33. Kd2 Qf5 34. Nb4 Bg5+ 35. Kc3 Bf4 36. Qg4 Qf6 37. Qc8+ Kg7 38. Qg4+ Kh7 39. Qh5+ Bh6 40. Nxa6 e4+ 41. Kb4 e3 42. Kxb5 Qxb2+ 43. Nb4 Qf6 44. a4 Kg8 45. Qg4+ Bg7 46. a5 Qe5 47. a6 e2 48. a7 Qe8+ 49. Nc6 e1Q 50. Qh4 Qb1+ 51. Ka5 Qa2+ 52. Kb6 Qb2+ 53. Kc7 f6 54. Qb4 Qf7+ 55. Kb8 Qe8+ 56. Kc7 Qa2 57. Qb8 1-0

[Event "Titled Tuesday intern op 2nd Aug"]
[Site "Chess.com INT"]
[Date "2016.08.02"]
[Round "3"]
[White "Mucobega, Jaup"]
[Black "Shirazi, Kamran"]
[Result "1-0"]
[WhiteElo "2171"]
[BlackElo "2366"]
[PlyCount "25"]
[EventDate "2016.08.02"]
[EventType "swiss (blitz)"]
[EventRounds "9"]
[EventCountry "USA"]
[SourceTitle "EXT 2021"]
[Source "ChessBase"]
[SourceDate "2020.10.23"]
[SourceVersion "1"]
[SourceVersionDate "2020.10.23"]
[SourceQuality "1"]

1. e4 e5 2. Nf3 Nc6 3. Bb5 f5 4. d3 Nf6 5. 0-0 d6 6. d4 fxe4 7. dxe5 exf3 8. exf6 fxg2 9. Re1+ Kf7 10. fxg7 Bxg7 11. Bc4+ Kf8 12. Qh5 Bd7 13. Qf7# 1-0

[Event "Titled Tuesday intern op 7th June"]
[Site "Chess.com INT"]
[Date "2016.06.07"]
[Round "4"]
[White "Mucobega, Jaup"]
[Black "Foisor, Sabina Francesca"]
[Result "0-1"]
[WhiteElo "2201"]
[BlackElo "2286"]
[PlyCount "56"]
[EventDate "2016.06.07"]
[EventType "swiss (blitz)"]
[EventRounds "9"]
[EventCountry "USA"]
[SourceTitle "EXT 2021"]
[Source "ChessBase"]
[SourceDate "2020.10.23"]
[SourceVersion "1"]
[SourceVersionDate "2020.10.23"]
[SourceQuality "1"]

1. e4 e5 2. Nf3 Nc6 3. Bb5 a6 4. Ba4 Nf6 5. d3 b5 6. Bb3 Be7 7. a4 Bb7 8. axb5 axb5 9. Rxa8 Qxa8 10. c3 0-0 11. 0-0 d6 12. Nbd2 h6 13. Re1 Re8 14. Nf1 Bf8 15. Ng3 Na5 16. Bc2 d5 17. Nh4 dxe4 18. dxe4 Nc4 19. Qf3 Qa2 20. Bxh6 gxh6 21. Qxf6 Qxb2 22. Bd3 Qxc3 23. Rd1 Nb2 24. Bxb5 Re6 25. Qd8 Nxd1 26. Nhf5 Qe1+ 27. Bf1 Qxf2+ 28. Kh1 Ne3 0-1

[Event "Titled Tuesday intern op 5th Jan"]
[Site "Chess.com INT"]
[Date "2016.01.05"]
[Round "5"]
[White "Eden, James"]
[Black "Mucobega, Jaup"]
[Result "0-1"]
[WhiteElo "2289"]
[BlackElo "2226"]
[PlyCount "120"]
[EventDate "2016.01.05"]
[EventType "swiss (blitz)"]
[EventRounds "9"]
[EventCountry "USA"]
[SourceTitle "EXT 2021"]
[Source "ChessBase"]
[SourceDate "2020.10.23"]
[SourceVersion "1"]
[SourceVersionDate "2020.10.23"]
[SourceQuality "1"]

1. e4 e6 2. d4 d5 3. Nc3 Bb4 4. e5 c5 5. Bd2 Nc6 6. Nb5 Bxd2+ 7. Qxd2 Nge7 8. Nd6+ Kf8 9. Qf4 Nf5 10. Nxf5 exf5 11. Nf3 Be6 12. Bd3 cxd4 13. Nxd4 Nxd4 14. Qxd4 Qb6 15. Qxb6 axb6 16. a3 Ke7 17. Kd2 Rhc8 18. Rae1 Ra5 19. c3 Rac5 20. Re3 Rd8 21. Rh3 h6 22. Rh4 g5 23. Rb4 Rc6 24. Bb5 Rc5 25. Ba4 Ra8 26. b3 b5 27. Bxb5 Rxa3 28. Rc1 Ra2+ 29. Rc2 Rxc2+ 30. Kxc2 d4 31. c4 Rxe5 32. Kd3 Re4 33. Ba4 Bc8 34. c5 Re5 35. Kxd4 Re2 36. c6 bxc6 37. Bxc6 Rxf2 38. Rb8 Be6 39. b4 Rd2+ 40. Kc5 Rc2+ 41. Kb6 Kd6 42. b5 f4 43. Rh8 g4 44. Rxh6 Rc3 45. Rf6 Ke5 46. Rh6 f3 47. gxf3 gxf3 48. Rh5+ Kf4 49. Rh6 Kg5 50. Rh8 Rxc6+ 51. bxc6 f2 52. Rg8+ Kf6 53. c7 f1Q 54. c8Q Qb1+ 55. Kc7 Bxc8 56. Kxc8 Qc2+ 57. Kd7 Qxh2 58. Rc8 Qh3+ 59. Kd8 Qxc8+ 60. Kxc8 Ke5 0-1

[Event "Titled Tuesday intern op 5th Jan"]
[Site "Chess.com INT"]
[Date "2016.01.05"]
[Round "4"]
[White "Hambleton, Aman"]
[Black "Mucobega, Jaup"]
[Result "1-0"]
[WhiteElo "2450"]
[BlackElo "2218"]
[PlyCount "141"]
[EventDate "2016.01.05"]
[EventType "swiss (blitz)"]
[EventRounds "9"]
[EventCountry "USA"]
[SourceTitle "EXT 2021"]
[Source "ChessBase"]
[SourceDate "2020.10.23"]
[SourceVersion "1"]
[SourceVersionDate "2020.10.23"]
[SourceQuality "1"]

1. d4 d5 2. Bf4 c6 3. Nf3 Nf6 4. e3 Bg4 5. Nbd2 Qb6 6. Be2 Nbd7 7. h3 Bxf3 8. Bxf3 e6 9. 0-0 Be7 10. c4 0-0 11. Qc2 Rfe8 12. Rfd1 Bf8 13. Be2 Rac8 14. c5 Qd8 15. Nf3 Ne4 16. Bd3 f5 17. Ne5 Nxe5 18. Bxe5 Be7 19. f3 Nf6 20. b4 a6 21. a4 Nd7 22. Bh2 Bf6 23. b5 axb5 24. axb5 g6 25. Ra7 e5 26. Bf1 Qc7 27. bxc6 Qxc6 28. Qb3 exd4 29. exd4 Nxc5 30. Qb1 Ne6 31. Kh1 Re7 32. Bg1 Qc2 33. Rxb7 Qxb1 34. Rbxb1 Kg7 35. Rb5 Rd7 36. Bf2 Rcc7 37. Kg1 Rb7 38. g3 Rxb5 39. Bxb5 Rc7 40. f4 h5 41. h4 Kf7 42. Kf1 Ke7 43. Rd2 Rb7 44. Be2 Rb1+ 45. Kg2 Rb4 46. Bf3 Kd6 47. Ra2 Nxd4 48. Bxd4 Bxd4 49. Ra6+ Rb6 50. Rxb6+ Bxb6 51. Kf1 Ba5 52. Bd1 d4 53. Ke2 Bc3 54. Ba4 Ke7 55. Bb5 Bb2 56. Bc4 Bc1 57. Bb5 Be3 58. Bc4 Bg1 59. Bb5 Kd6 60. Be8 Bh2 61. Kf2 d3 62. Bxg6 Kd5 63. Kg2 Bxg3 64. Kxg3 Ke4 65. Bxh5 d2 66. Bd1 Kd5 67. h5 Ke6 68. Kf2 Kf6 69. Ke3 Kg7 70. Kxd2 Kh6 71. Ke3 1-0

[Event "Titled Tuesday intern op 1st Sept"]
[Site "Chess.com INT"]
[Date "2015.09.01"]
[Round "8"]
[White "Pace, Christopher"]
[Black "Mucobega, Jaup"]
[Result "0-1"]
[WhiteElo "2084"]
[BlackElo "2169"]
[PlyCount "118"]
[EventDate "2015.09.01"]
[EventType "swiss (blitz)"]
[EventRounds "9"]
[EventCountry "USA"]
[SourceTitle "EXT 2021"]
[Source "ChessBase"]
[SourceDate "2020.10.23"]
[SourceVersion "1"]
[SourceVersionDate "2020.10.23"]
[SourceQuality "1"]

1. e4 e5 2. Nf3 Nc6 3. Bb5 a6 4. Ba4 Nge7 5. 0-0 g6 6. d3 Bg7 7. Re1 0-0 8. c3 d6 9. h3 f5 10. Bb3+ Kh8 11. Ng5 Qe8 12. Ne6 Bxe6 13. Bxe6 fxe4 14. dxe4 Ng8 15. Bb3 Na5 16. Bc2 Qf7 17. Qe2 b5 18. b3 Bh6 19. Bxh6 Nxh6 20. Nd2 Ng8 21. Nf3 Nf6 22. Rad1 Nh5 23. Qe3 Nf4 24. Nh2 Qe6 25. Qg3 Rf7 26. Ng4 Raf8 27. f3 h5 28. Ne3 Kh7 29. Nd5 Rg7 30. Nxf4 Rxf4 31. Qg5 Rgf7 32. Kh2 Nc6 33. b4 Qf6 34. Qg3 Rg7 35. a4 Nd8 36. axb5 axb5 37. Bb3 Ne6 38. Rd5 Ng5 39. Re3 c6 40. Rd2 Kh6 41. Red3 Rd7 42. Kg1 h4 43. Qf2 Nxe4 44. fxe4 Rxf2 45. Rxf2 Qg5 46. Be6 Ra7 47. Bg4 Ra1+ 48. Kh2 Qc1 49. Rd1 Qxc3 50. Rxa1 Qxa1 51. Rd2 Qe1 52. Rxd6 Qxe4 53. Rf6 Kg5 54. Bf3 Qxb4 55. Rxc6 Qf4+ 56. Kg1 e4 57. Bg4 e3 58. Rc5+ Kh6 59. Bf3 e2 0-1

[Event "Titled Tuesday intern op 1st Sept"]
[Site "Chess.com INT"]
[Date "2015.09.01"]
[Round "1"]
[White "Seliverstov, Vladimir"]
[Black "Mucobega, Jaup"]
[Result "1-0"]
[WhiteElo "2430"]
[BlackElo "2154"]
[PlyCount "113"]
[EventDate "2015.09.01"]
[EventType "swiss (blitz)"]
[EventRounds "9"]
[EventCountry "USA"]
[SourceTitle "EXT 2021"]
[Source "ChessBase"]
[SourceDate "2020.10.23"]
[SourceVersion "1"]
[SourceVersionDate "2020.10.23"]
[SourceQuality "1"]

1. d4 d5 2. Bf4 e6 3. e3 Bd6 4. Qg4 Kf8 5. Bxd6+ Qxd6 6. Nc3 Nf6 7. Qh4 Qb4 8. 0-0-0 a5 9. e4 dxe4 10. Nxe4 Nbd7 11. Nf3 a4 12. a3 Qe7 13. Neg5 h6 14. Bd3 Kg8 15. Ne4 Kf8 16. Ne5 Nxe4 17. Qxe4 Nf6 18. Qf3 c6 19. g4 Kg8 20. h4 Bd7 21. g5 Nd5 22. g6 f6 23. Nf7 b5 24. Nxh8 Kxh8 25. Rhe1 b4 26. Bc4 Qd6 27. Bxd5 cxd5 28. axb4 Qxb4 29. Qa3 Qb6 30. Re3 Rb8 31. Rc3 h5 32. Rdd3 e5 33. dxe5 Bf5 34. Rxd5 Bxg6 35. Rdc5 Qe6 36. Qxa4 fxe5 37. Qc4 Qf6 38. Rc8+ Rxc8 39. Qxc8+ Kh7 40. Qc5 Qxh4 41. b4 Qh1+ 42. Kb2 e4 43. b5 e3 44. Rxe3 Qd1 45. b6 Qd7 46. Rb3 Be4 47. Qc7 Qd4+ 48. Qc3 Qd7 49. b7 Bxb7 50. Qd3+ Qxd3 51. cxd3 Bf3 52. d4 Bg4 53. d5 h4 54. Rb4 Bf3 55. Rxh4+ Kg6 56. d6 Kf6 57. Rf4+ 1-0

[Event "Titled Tuesday intern op 7th July"]
[Site "Chess.com INT"]
[Date "2015.07.07"]
[Round "3"]
[White "Williams, Simon Kim"]
[Black "Mucobega, Jaup"]
[Result "1-0"]
[WhiteElo "2455"]
[BlackElo "2160"]
[PlyCount "113"]
[EventDate "2015.07.07"]
[EventType "swiss (blitz)"]
[EventRounds "9"]
[EventCountry "USA"]
[SourceTitle "EXT 2021"]
[Source "ChessBase"]
[SourceDate "2020.10.23"]
[SourceVersion "1"]
[SourceVersionDate "2020.10.23"]
[SourceQuality "1"]

1. d4 d5 2. c4 c6 3. Nc3 Nf6 4. Nf3 a6 5. h4 e6 6. c5 g6 7. Bf4 Bg7 8. Bd6 Bf8 9. Bxf8 Kxf8 10. Qd2 h5 11. Ng5 Kg7 12. Qf4 Nbd7 13. e3 b6 14. cxb6 Qxb6 15. Rb1 c5 16. Bd3 cxd4 17. exd4 Qb8 18. Qf3 a5 19. 0-0 Ba6 20. Rfe1 Bxd3 21. Qxd3 Re8 22. g3 Qd6 23. Ne2 Qa6 24. Qe3 Qd6 25. Nf4 Ra6 26. Qd3 Rc6 27. Re2 Nf8 28. Rbe1 Qb4 29. Qe3 Ng4 30. Qd3 Qc4 31. Qd2 Qxa2 32. f3 Nf6 33. Nd3 N8d7 34. Qf4 Qc4 35. Re3 Re7 36. R1e2 Nh7 37. Kg2 Nxg5 38. hxg5 e5 39. dxe5 Qxf4 40. Nxf4 Nf8 41. Nxd5 Rb7 42. f4 Ne6 43. Rd2 Rb8 44. Nf6 h4 45. Kf3 hxg3 46. Kxg3 Rc4 47. Rh2 Rcc8 48. Rh7+ Kf8 49. Rd3 Rd8 50. Nd7+ Ke7 51. f5 gxf5 52. g6 f4+ 53. Kg4 Rxd7 54. Rxf7+ Ke8 55. Rdxd7 Nc5 56. Rde7+ Kd8 57. g7 1-0

[Event "Titled Tuesday intern op 2nd May"]
[Site "Chess.com INT"]
[Date "2015.05.05"]
[Round "6"]
[White "Jarmula, Lukasz"]
[Black "Mucobega, Jaup"]
[Result "1-0"]
[WhiteElo "2384"]
[BlackElo "2148"]
[PlyCount "139"]
[EventDate "2015.05.05"]
[EventType "swiss (blitz)"]
[EventRounds "9"]
[EventCountry "USA"]
[SourceTitle "EXT 2021"]
[Source "ChessBase"]
[SourceDate "2020.10.23"]
[SourceVersion "1"]
[SourceVersionDate "2020.10.23"]
[SourceQuality "1"]

1. d4 e6 2. c4 f5 3. Nc3 Nf6 4. Bf4 Bb4 5. e3 0-0 6. Bd3 d6 7. Nf3 Ne4 8. 0-0 Bxc3 9. bxc3 Nxc3 10. Qc2 Ne4 11. Bxe4 fxe4 12. Qxe4 Qf6 13. Rab1 Qf5 14. Qxf5 exf5 15. c5 dxc5 16. dxc5 Na6 17. Rfc1 h6 18. Nd4 Rf7 19. c6 b6 20. Rb5 Nc5 21. Rbxc5 bxc5 22. Rxc5 Rb8 23. h4 Rb2 24. Ra5 a6 25. h5 Kh7 26. Re5 a5 27. Rxa5 Rb1+ 28. Kh2 Rb2 29. Kg3 Re7 30. a4 Ra2 31. Ra7 Be6 32. a5 Bd5 33. Nxf5 Rf7 34. Nd4 Rf6 35. a6 Bxc6 36. Rxc7 Bd5 37. a7 Rf7 38. Rxf7 Bxf7 39. Bb8 Bd5 40. Nf5 Ra6 41. f3 Ba8 42. e4 Kg8 43. Nd6 Ra2 44. Kh3 Kf8 45. g4 Ke7 46. Nf5+ Kf7 47. Kg3 Ra3 48. Kf4 Ra6 49. Be5 g5+ 50. hxg6+ Kxg6 51. Bb8 h5 52. Nh4+ Kh6 53. g5+ Kg7 54. Be5+ Kf7 55. Bb8 Kg7 56. Kf5 Ra5+ 57. Be5+ Kf7 58. g6+ Kg8 59. Kf6 Rxa7 60. Nf5 Ra6+ 61. Kg5 Bb7 62. Nh6+ Kf8 63. g7+ Ke7 64. g8Q Bxe4 65. fxe4 Ra8 66. Qxa8 h4 67. Qb7+ Ke6 68. Qd5+ Ke7 69. Bf6+ Kf8 70. Qf7# 1-0

[Event "Titled Tuesday intern op 2nd May"]
[Site "Chess.com INT"]
[Date "2015.05.05"]
[Round "3"]
[White "Mucobega, Jaup"]
[Black "Thar, Shwebo"]
[Result "0-1"]
[WhiteElo "2140"]
[BlackElo "2141"]
[PlyCount "96"]
[EventDate "2015.05.05"]
[EventType "swiss (blitz)"]
[EventRounds "9"]
[EventCountry "USA"]
[SourceTitle "EXT 2021"]
[Source "ChessBase"]
[SourceDate "2020.10.23"]
[SourceVersion "1"]
[SourceVersionDate "2020.10.23"]
[SourceQuality "1"]

1. e4 c5 2. Nf3 Nc6 3. Bb5 e6 4. Bxc6 bxc6 5. d3 d6 6. 0-0 e5 7. Ng5 Nf6 8. f4 exf4 9. Bxf4 Be7 10. e5 dxe5 11. Bxe5 h6 12. Ne4 Nxe4 13. dxe4 0-0 14. Nc3 Qb6 15. Na4 Qb4 16. Nc3 f6 17. Bg3 Qxb2 18. Qd3 Qb4 19. Rab1 Qd4+ 20. Bf2 Qxd3 21. cxd3 Ba6 22. Rfd1 Rfd8 23. Na4 Bxd3 24. Rb7 Bb5 25. Rxd8+ Rxd8 26. Nc3 Kf8 27. g3 a6 28. a4 Bd3 29. Rc7 c4 30. Rxc6 Bb4 31. Nd5 a5 32. Nxb4 axb4 33. Bc5+ Kf7 34. Bxb4 Rb8 35. Bd6 Rb2 36. a5 Ra2 37. a6 Bxe4 38. Rc7+ Ke6 39. Bf8 Bd5 40. a7 g5 41. Bxh6 Rg2+ 42. Kf1 Rxh2 43. Bf8 Ra2 44. Bc5 c3 45. g4 Bc4+ 46. Ke1 Kd5 47. Be7 Ra1+ 48. Kf2 c2 0-1

[Event "Titled Tuesday intern op 2nd May"]
[Site "Chess.com INT"]
[Date "2015.05.05"]
[Round "1"]
[White "Terry, Renato"]
[Black "Mucobega, Jaup"]
[Result "1-0"]
[WhiteElo "2451"]
[BlackElo "2156"]
[PlyCount "51"]
[EventDate "2015.05.05"]
[EventType "swiss (blitz)"]
[EventRounds "9"]
[EventCountry "USA"]
[SourceTitle "EXT 2021"]
[Source "ChessBase"]
[SourceDate "2020.10.23"]
[SourceVersion "1"]
[SourceVersionDate "2020.10.23"]
[SourceQuality "1"]

1. d4 d5 2. Nf3 c6 3. c4 Nf6 4. Nc3 a6 5. c5 Nbd7 6. Bf4 Nh5 7. e3 Nxf4 8. exf4 g6 9. Qd2 Bg7 10. Bd3 f6 11. 0-0 0-0 12. f5 gxf5 13. Bxf5 Nb8 14. Bxc8 Qxc8 15. Rfe1 Re8 16. Qf4 Nd7 17. Qg4 Nf8 18. Qh5 Ng6 19. Nh4 Nxh4 20. Qxh4 e5 21. Ne2 Qf5 22. Ng3 Qg6 23. Qh3 exd4 24. Nf5 Re5 25. Rxe5 fxe5 26. Ne7+ 1-0

[Event "Titled Tuesday intern op 7th April"]
[Site "Chess.com INT"]
[Date "2015.04.07"]
[Round "6"]
[White "Hungaski, Robert Andrew"]
[Black "Mucobega, Jaup"]
[Result "1-0"]
[WhiteElo "2456"]
[BlackElo "2166"]
[PlyCount "129"]
[EventDate "2015.04.07"]
[EventType "swiss (blitz)"]
[EventRounds "9"]
[EventCountry "USA"]
[SourceTitle "EXT 2021"]
[Source "ChessBase"]
[SourceDate "2020.10.23"]
[SourceVersion "1"]
[SourceVersionDate "2020.10.23"]
[SourceQuality "1"]

1. d4 e6 2. c4 d5 3. Nc3 c6 4. e3 f5 5. b3 Nf6 6. Bd3 Bd6 7. Nge2 0-0 8. Bb2 Ne4 9. g3 Nd7 10. f3 Ng5 11. Nf4 Qe8 12. h4 Nf7 13. Be2 Nh6 14. Qd2 a5 15. a3 Kh8 16. Rg1 dxc4 17. bxc4 e5 18. dxe5 Bxe5 19. Na4 Bxb2 20. Nxb2 Nc5 21. Rb1 Ne6 22. Nbd3 Nxf4 23. Nxf4 Qe7 24. Qc3 Rb8 25. c5 Be6 26. Kf2 Nf7 27. Qxa5 Bd5 28. Qc3 Ne5 29. Rb4 Nd7 30. Rc1 Bg8 31. Qd4 Rfe8 32. Rc3 Nf6 33. Qd6 Qxd6 34. cxd6 Nd5 35. Nxd5 Bxd5 36. Bc4 Bxc4 37. Rbxc4 Red8 38. Rd4 Rd7 39. e4 fxe4 40. fxe4 Kg8 41. Rf3 Rbd8 42. e5 Re8 43. Re3 Kf7 44. a4 Ke6 45. a5 Rf8+ 46. Rf4 Rdf7 47. Kf3 g6 48. Ke4 h6 49. Ref3 Rf5 50. Rxf5 gxf5+ 51. Kd4 Ra8 52. g4 fxg4 53. Rf6+ Kd7 54. Rxh6 Rxa5 55. Rh7+ Ke6 56. Re7+ Kf5 57. d7 Rd5+ 58. Ke3 b5 59. e6 b4 60. Re8 b3 61. d8Q Rxd8 62. Rxd8 g3 63. Rb8 g2 64. Kf2 g1Q+ 65. Kxg1 1-0

[Event "Titled Tuesday intern op 7th April"]
[Site "Chess.com INT"]
[Date "2015.04.07"]
[Round "5"]
[White "Mucobega, Jaup"]
[Black "Edouard, Romain"]
[Result "0-1"]
[WhiteElo "2169"]
[BlackElo "2622"]
[PlyCount "54"]
[EventDate "2015.04.07"]
[EventType "swiss (blitz)"]
[EventRounds "9"]
[EventCountry "USA"]
[SourceTitle "EXT 2021"]
[Source "ChessBase"]
[SourceDate "2020.10.23"]
[SourceVersion "1"]
[SourceVersionDate "2020.10.23"]
[SourceQuality "1"]

1. e4 c5 2. Nf3 e6 3. g3 g6 4. Bg2 Bg7 5. 0-0 Ne7 6. d4 cxd4 7. Nxd4 0-0 8. Be3 d5 9. exd5 Nxd5 10. Bc1 Qc7 11. c3 Nc6 12. Nxc6 bxc6 13. Nd2 Rb8 14. Nc4 Ba6 15. b3 Nxc3 16. Qc2 Nd5 17. Rb1 e5 18. Re1 f5 19. Ba3 Rfd8 20. Bb2 e4 21. Bxg7 Qxg7 22. Rbc1 Nb4 23. Qb1 Nd3 24. Red1 Nxc1 25. Rxc1 Bxc4 26. Rxc4 Rd2 27. Rxc6 Qd4 0-1

[Event "Titled Tuesday intern op 7th April"]
[Site "Chess.com INT"]
[Date "2015.04.07"]
[Round "3"]
[White "Tilicheev, Viacheslav"]
[Black "Mucobega, Jaup"]
[Result "0-1"]
[WhiteElo "2408"]
[BlackElo "2166"]
[PlyCount "100"]
[EventDate "2015.04.07"]
[EventType "swiss (blitz)"]
[EventRounds "9"]
[EventCountry "USA"]
[SourceTitle "EXT 2021"]
[Source "ChessBase"]
[SourceDate "2020.10.23"]
[SourceVersion "1"]
[SourceVersionDate "2020.10.23"]
[SourceQuality "1"]

1. b3 e5 2. Bb2 Nc6 3. e3 Nf6 4. Bb5 Bd6 5. Na3 Qe7 6. Nc4 a6 7. Nxd6+ Qxd6 8. Be2 0-0 9. d3 Qe7 10. e4 d5 11. exd5 Nxd5 12. g3 e4 13. dxe4 Qxe4 14. f3 Qb4+ 15. Qd2 Qxd2+ 16. Kxd2 Re8 17. Re1 Bf5 18. g4 Bg6 19. Nh3 Rad8 20. Kc1 Ne3 21. Bd1 Nb4 22. Nf4 Bxc2 23. Rxe3 Rxe3 24. Bxc2 Rxf3 25. Ne2 Rf2 26. Re1 h6 27. a3 Nxc2 28. Kxc2 Rxh2 29. Bc3 Rg2 30. b4 Rxg4 31. Nc1 Rg2+ 32. Kb3 Rg3 33. Re7 c6 34. Ne2 Rf3 35. Rxb7 Rdd3 36. Re7 Rfe3 37. Rxe3 Rxe3 38. Nd4 h5 39. Nxc6 h4 40. Kc4 h3 41. Be5 Rxe5 42. Nxe5 h2 43. Nd7 h1Q 44. Nc5 Qc6 45. a4 g5 46. b5 axb5+ 47. axb5 Qb6 48. Na4 Qc7+ 49. Kb4 g4 50. b6 Qc6 0-1

[Event "Titled Tuesday intern op 3rd March"]
[Site "Chess.com INT"]
[Date "2015.03.03"]
[Round "2"]
[White "Ostrovskiy, Andrey"]
[Black "Mucobega, Jaup"]
[Result "1-0"]
[WhiteElo "2410"]
[BlackElo "2137"]
[PlyCount "113"]
[EventDate "2015.03.03"]
[EventType "swiss (blitz)"]
[EventRounds "9"]
[EventCountry "USA"]
[SourceTitle "EXT 2021"]
[Source "ChessBase"]
[SourceDate "2020.10.23"]
[SourceVersion "1"]
[SourceVersionDate "2020.10.23"]
[SourceQuality "1"]

1. e4 e6 2. d4 d5 3. Nc3 Nf6 4. e5 Nfd7 5. f4 c5 6. Nf3 Nc6 7. Be3 Be7 8. Qd2 0-0 9. Be2 b6 10. 0-0 f6 11. exf6 Bxf6 12. Rad1 Rb8 13. Nb5 Qe7 14. c3 Ba6 15. a4 Bxb5 16. axb5 Na5 17. Ne5 Rbc8 18. Bd3 cxd4 19. cxd4 Bxe5 20. fxe5 Nc4 21. Qe2 Nxe3 22. Qxe3 Rxf1+ 23. Rxf1 Rf8 24. Rxf8+ Nxf8 25. Qc1 Qh4 26. Qe3 Qh5 27. Be2 Qf5 28. Bd3 Qg4 29. h3 Qd1+ 30. Kh2 Qa4 31. Qd2 Qb3 32. Qc3 Qxc3 33. bxc3 Kf7 34. Kg3 Ng6 35. Kg4 Ne7 36. h4 Ng6 37. Kg5 Nf8 38. g3 h6+ 39. Kf4 Nd7 40. g4 Nf8 41. h5 Nd7 42. g5 Ke7 43. c4 dxc4 44. Bxc4 Nf8 45. d5 Nh7 46. gxh6 gxh6 47. dxe6 Ng5 48. Kf5 Nf3 49. Bd5 Nd4+ 50. Kg6 Nxb5 51. Kxh6 Nc3 52. Bf3 Na4 53. Kg7 Nc5 54. Bd5 Nd3 55. h6 Nf4 56. h7 Nh5+ 57. Kg6 1-0

[Event "Titled Tuesday intern op 3rd March"]
[Site "Chess.com INT"]
[Date "2015.03.03"]
[Round "1"]
[White "Terry, Renato"]
[Black "Mucobega, Jaup"]
[Result "1-0"]
[WhiteElo "2451"]
[BlackElo "2141"]
[PlyCount "85"]
[EventDate "2015.03.03"]
[EventType "swiss (blitz)"]
[EventRounds "9"]
[EventCountry "USA"]
[SourceTitle "EXT 2021"]
[Source "ChessBase"]
[SourceDate "2020.10.23"]
[SourceVersion "1"]
[SourceVersionDate "2020.10.23"]
[SourceQuality "1"]

1. d4 d5 2. Nf3 Nf6 3. c4 c6 4. Nc3 a6 5. c5 Nbd7 6. Bf4 Nh5 7. e3 Nxf4 8. exf4 g6 9. Bd3 Bg7 10. Qd2 0-0 11. 0-0 b6 12. b4 a5 13. a3 Ba6 14. Rfc1 Bxd3 15. Qxd3 Qc7 16. g3 axb4 17. axb4 Rxa1 18. Rxa1 bxc5 19. bxc5 f6 20. f5 gxf5 21. Qxf5 Re8 22. Qe6+ Kh8 23. Ra6 Rc8 24. Qxe7 Qb7 25. Rb6 Qc7 26. Rb1 Nf8 27. Qxc7 Rxc7 28. Nh4 Kg8 29. Rb8 Kf7 30. Nf5 Ne6 31. Na2 Kg6 32. g4 h5 33. h3 hxg4 34. hxg4 Kg5 35. f3 Kf4 36. Kf2 Ra7 37. Nc3 Ra3 38. Ne2+ Kg5 39. Re8 Nf4 40. Nxg7 Nd3+ 41. Kg3 Ra2 42. Nf5 Kg6 43. Re7 1-0

[Event "Titled Tuesday intern op 24th Febr"]
[Site "Chess.com INT"]
[Date "2015.02.24"]
[Round "3"]
[White "Drozdowski, Kacper"]
[Black "Mucobega, Jaup"]
[Result "0-1"]
[WhiteElo "2455"]
[BlackElo "2153"]
[PlyCount "60"]
[EventDate "2015.02.24"]
[EventType "swiss (blitz)"]
[EventRounds "9"]
[EventCountry "USA"]
[SourceTitle "EXT 2021"]
[Source "ChessBase"]
[SourceDate "2020.10.23"]
[SourceVersion "1"]
[SourceVersionDate "2020.10.23"]
[SourceQuality "1"]

1. b3 e5 2. Bb2 Nc6 3. e3 Nf6 4. Bb5 Bd6 5. Ne2 a6 6. Bxc6 dxc6 7. Ng3 Qe7 8. d3 Bg4 9. Qc1 h5 10. h3 Bd7 11. e4 h4 12. Ne2 0-0-0 13. Nd2 Nh5 14. Nc4 f5 15. exf5 Bxf5 16. 0-0 g5 17. Ne3 Bd7 18. c4 Nf4 19. Qc2 Bc5 20. Rae1 Qe6 21. Nxf4 gxf4 22. Ng4 Qg6 23. Nxe5 Qf5 24. Nxd7 Rhg8 25. Kh2 f3 26. g4 hxg3+ 27. fxg3 Rxd7 28. Re5 Qxh3+ 29. Kxh3 Rh7+ 30. Rh5 Rxh5# 0-1